Electrolyte management for effective long-term electro-osmotic transport in low-permeability soils /

Gespeichert in:
Bibliographische Detailangaben
1. Verfasser: Cherepy, Nerine J.
Weitere Verfasser: Wildenschild, Dorthe.
Format: Artikel
Sprache:English
Schlagworte:
Tags: Tag hinzufügen
Keine Tags, Fügen Sie den ersten Tag hinzu!
Thư viện lưu trữ: Thư viện Trường Đại học Đà Lạt
LEADER 01000nam a2200325 4500
001 DLU090093864
005 ##20091201
040 # # |a DLU  |b eng 
041 # # |a eng 
044 # # |a us 
100 # # |a Cherepy, Nerine J. 
245 # # |a Electrolyte management for effective long-term electro-osmotic transport in low-permeability soils /  |c Nerine J. Cherepy, Dorthe Wildenschild. 
653 # # |a Acidobasicity 
653 # # |a Electrodiffusion 
653 # # |a Electrolysis 
653 # # |a Electroosmosis 
653 # # |a Electroremediation 
653 # # |a Sediments 
653 # # |a Soil pollution 
700 # # |a Wildenschild, Dorthe.  
773 # # |t Environmental Science & Technology  |g Vol. 37, no. 13 (July 2003), p. 3024-3030 
920 # # |a Phòng Tạp chí -- Trung tâm Thông tin - Thư viện Trường Đại học Đà Lạt 
994 # # |a DLU 
900 # # |a True 
911 # # |a Trương Bảo Trâm Anh 
925 # # |a G 
926 # # |a A 
927 # # |a BB 
980 # # |a Thư viện Trường Đại học Đà Lạt